Leisure and tourism GNVQ : intermediate textbook
Αποθηκεύτηκε σε:
| Άλλοι συγγραφείς: | |
|---|---|
| Μορφή: | Βιβλίο |
| Γλώσσα: | English |
| Δημοσίευση: |
Oxford :
Butterworth-Heinemann,
1995
|
| Θέματα: | |
| Ετικέτες: |
Προσθήκη ετικέτας
Δεν υπάρχουν, Καταχωρήστε ετικέτα πρώτοι!
|
MARC
| LEADER | 00000nam a2200000 i 4500 | ||
|---|---|---|---|
| 001 | 1/67617 | ||
| 008 | 981021s1995 eng d | ||
| 020 | |a 0750621575 | ||
| 035 | |l 10030042 | ||
| 040 | |a GR-MY-UA |b gre |e aacr | ||
| 041 | 0 | |a eng | |
| 082 | 0 | |a 338.4791 | |
| 245 | 1 | 0 | |a Leisure and tourism GNVQ : |b intermediate textbook / |c edited by: Peter Trigg |
| 260 | |a Oxford : |b Butterworth-Heinemann, |c 1995 | ||
| 300 | |a x, 164 p. | ||
| 504 | |a Includes index | ||
| 650 | 0 | 0 | |a Tourism. |
| 700 | 1 | |a Trigg, Peter. |4 edt | |
| 852 | |a INST |b CHIOS |e 19981021 |h 338.4791 LEI |p 005200015484 |q 005200015484 |t BK |y 0 | ||
| 901 | |a BIBL-1998-3 | ||
| 909 | |a Χ |b 054925 | ||
| 922 | |a 2ΔΩΡ |b 199810 |c ΤΔΕ |d GLORYBOOK-ECONOMIST | ||